[Event "Bay Area Open 2019"]
[Site "Burlingame"]
[Date "2019.01.07"]
[Round "9"]
[White "Naroditsky, Daniel"]
[Black "Ynojosa Aponte, Felix Jose"]
[Result "0-1"]
[WhiteElo "2616"]
[BlackElo "2368"]
[Annotator "TA"]
[PlyCount "58"]
[EventDate "2019.01.01"]
[EventType "swiss"]
[EventCountry "USA"]
[SourceTitle "playchess.com"]
[Source "ChessBase"]
[SourceQuality "1"]

{[%evp 15,58,39,33,6,6,6,6,6,6,1,26,0,15,5,4,-85,-78,-110,-111,-278,-301,-253,-69,-421,-284,-272,-267,-256,-264,-277,-273,-263,-276,-506,-500,-505,-503,-481,-482,-440,-307,-295,-296,-295,-270]} 1. e4 c5 2. Nf3 Nc6 3. Bb5 e6 4. O-O Nge7 5. d4 cxd4 6. Nxd4 Qb6 7. Nxc6 {B30: Sicilian: 2...Nc6 3 Bb5, lines without ...g6} bxc6 8. Be2 (8. Bd3 Ng6 9. c4 Bc5 10. Nc3 Qc7 11. Kh1 e5 12. Na4 Bd4 13. c5 d6 14. Be3 dxc5 15. Nxc5 Bxb2 {0-1 (56) Adams,M (2712)-Adhiban,B (2668) Douglas 2018}) 8... Ng6 {LiveBook: 9 Games} 9. Nc3 {White is slightly better.} Be7 10. Na4 Qc7 11. c4 $146 ({Predecessor:} 11. Be3 O-O 12. c4 c5 13. Nc3 Bb7 14. Qd2 Rad8 {½-½ (27) Calugaru,V (2347)-Campian,C (2338) ICCF email 2008}) 11... c5 12. f4 O-O 13. Be3 Bb7 14. Nc3 f5 15. exf5 (15. e5 $11 {keeps the balance.}) 15... Nh4 $17 {[%mdl 64] Double Attack} 16. fxe6 {Nd5 is the strong threat.} Nxg2 17. Nb5 $2 {[#]} (17. Bd2 $17) 17... Qb6 $1 $19 18. Bc1 dxe6 $2 (18... Nh4 $19 {Threatens to win with ...Rad8.} 19. Qxd7 Bf6) 19. Bf3 $2 {[%mdl 8192]} (19. Qd7 $15 Bf6 20. Nd6 Bd4+ 21. Kh1 Nxf4+ {[%mdl 64] Discovered Attack} 22. Nxb7 Nxe2 {[%mdl 64] Discovered Attack} 23. Bg5) 19... Rad8 20. Qe2 {aiming for Bxb7.} Bxf3 ({Inferior is} 20... Nxf4 21. Bxf4 Rxf4 22. Bxb7 $15) 21. Rxf3 Nh4 22. Rh3 {[#]} e5 $1 {[%mdl 512]} 23. Nc3 (23. Qxe5 Qc6) 23... exf4 24. Nd5 $2 {[#]} (24. Bxf4 {only move.} Rxf4 25. Qxe7) 24... Rxd5 $1 {[%mdl 512]} 25. cxd5 Qg6+ 26. Kf1 {Qe6+ would now be nice for White.} Bf6 27. Bxf4 Bd4 {[%csl Gd4][%cal Rg6g1]} 28. Qe6+ Qxe6 29. dxe6 Rxf4+ {Accuracy: White = 32%, Black = 72%.} 0-1

[Event "Bay Area Open 2019"]
[Site "Burlingame"]
[Date "2019.01.07"]
[Round "9"]
[White "Gabuzyan, Hovhannes"]
[Black "Le, Quang Liem"]
[Result "0-1"]
[WhiteElo "2605"]
[BlackElo "2714"]
[Annotator "TA"]
[PlyCount "94"]
[EventDate "2019.01.01"]
[EventType "swiss"]
[EventCountry "USA"]
[SourceTitle "playchess.com"]
[Source "ChessBase"]
[SourceQuality "1"]

{[%evp 9,94,0,2,-42,-27,-28,15,-27,20,-67,-54,-64,-65,-64,-50,-61,-56,-65,-52,-64,-55,-59,-53,-123,-114,-103,-106,-159,-162,-151,-140,-234,-142,-267,-200,-203,-196,-195,-16,-34,-31,-53,-44,-43,-35,-27,-50,-64,0,-577,-582,-564,-573,-858,-880,-745,-255,-254,-229,-241,-198,-240,-220,-248,-129,-529,-525,-793,-733,-781,-687,-775,-769,-795,-787,-710,-700,-659,-571,-1795,-1713,-29967,-29968,-29979,-29980,-29984,-29985]} 1. Nf3 c5 2. b3 d6 3. c4 e5 (3... g6 4. Bb2 e5 5. g3 Nc6 6. Bg2 Bg7 7. O-O Nge7 8. Nc3 O-O 9. d3 h6 10. Nd2 Be6 11. a3 {½-½ (56) Kramnik,V (2800)-Gelfand,B (2695) Moscow 2018}) 4. Nc3 g6 5. e3 Bg7 6. h4 $146 {A04: Unusual lines after 1 Nf3 and King's Indian Attack} ({Predecessor:} 6. Bb2 Nc6 7. d3 Nge7 8. Be2 O-O 9. h4 h6 10. h5 g5 11. e4 f5 12. Nd2 Nd4 13. Nf1 f4 14. Nh2 Be6 15. Bg4 Bxg4 16. Nxg4 {½-½ (53) Ryan,J (2298)-Garrido Fernandez,D (2287) Barcelona 2013}) 6... Nc6 7. Bb2 f5 8. Be2 {The position is equal.} (8. d4 $5) 8... h6 9. Nd5 ({White should play} 9. d4 $11) 9... Nf6 $15 10. Nxf6+ Qxf6 11. d3 Be6 12. a3 O-O 13. Nd2 d5 14. cxd5 Bxd5 15. Qc2 Bxg2 16. Rg1 (16. Qc4+ $1 $15 Qf7 17. Rg1) 16... Bd5 $17 {[%cal Bg2d5,Bd5f7,Bf7e8][%mdl 32]} 17. Qxc5 Bf7 18. Nc4 ({White should try} 18. Qb5) 18... Rac8 (18... Qxh4 19. Nd6 $15) 19. Qb5 Qe7 ({But not} 19... Qxh4 $6 20. Qxb7 f4 21. Rc1 $15) 20. Bf3 (20. Rc1 $17) 20... Rfd8 21. Rd1 (21. O-O-O $17 {was called for.}) 21... Be8 22. Bxc6 Rxc6 ({Don't do} 22... Bxc6 23. Qb4 $17) 23. Qb4 Qxh4 $2 (23... Rc5 $19 {...b6 is the strong threat.} 24. e4 fxe4 25. dxe4 Rxd1+ 26. Kxd1 b6) 24. Qxb7 $11 Re6 25. Qxa7 Qh2 26. Rf1 g5 27. Qc7 Rd7 28. Qc8 Qg2 (28... f4 $15) 29. d4 $2 {[%mdl 8192]} (29. b4 $11 {and White has nothing to worry.}) 29... exd4 $19 30. Bxd4 Ree7 {[#] And now ...Bxd4 would win.} ({Inferior is} 30... Bxd4 {[#]} 31. Rxd4 $1 {[%mdl 512]} Qb7 32. Qxb7 $14) 31. Kd2 Bxd4 32. exd4 Rxd4+ $2 (32... Qf3 33. Ne3 f4 34. Qc4+ Bf7) 33. Kc3 Rxd1 34. Rxd1 Qxf2 35. a4 g4 {[%cal Bg5g4,Bg4g3][%mdl 32]} 36. Qd8 Re6 (36... Qe2 $19 {Strongly threatening ...f4.} 37. Rd2 Qe4) 37. Rd6 $2 {[%mdl 8192]} (37. Qd3 $17 {was the crucial defense.}) 37... Qe1+ 38. Kb2 g3 39. Rd1 Qe4 40. Ka3 f4 41. Nd6 Qc6 {( -> ...Qc5+)} 42. Nxe8 Qxe8 {KQR-KQR} 43. Qd5 Qe7+ 44. b4 {intending Re1.} Qf7 45. Qa8+ Kh7 {Black mates.} 46. Rd3 Re2 {[%csl Ge2][%cal Rf7a2]} 47. b5 g2 {Accuracy: White = 33%, Black = 58%.} 0-1

[Event "Bay Area Open 2019"]
[Site "Burlingame"]
[Date "2019.01.07"]
[Round "9"]
[White "Dragun, Kamil"]
[Black "Ostrovskiy, Aleksandr"]
[Result "1/2-1/2"]
[WhiteElo "2578"]
[BlackElo "2439"]
[Annotator "TA"]
[PlyCount "69"]
[EventDate "2019.01.01"]
[EventType "swiss"]
[EventCountry "USA"]
[SourceTitle "playchess.com"]
[Source "ChessBase"]
[SourceQuality "1"]

{[%evp 19,69,17,23,16,12,0,-4,-23,13,0,25,40,56,0,0,0,0,0,0,0,0,0,0,0,14,0,0,7,53,52,65,0,33,33,27,0,13,0,0,0,0,0,0,0,0,-10,0,0,0,0,0,0]} 1. Nf3 d5 2. c4 d4 3. g3 Nc6 4. Bg2 e5 5. O-O Nf6 6. e3 {A07: Réti Opening: New York and Capablanca Systems} Be7 7. d3 O-O 8. exd4 exd4 9. Na3 h6 10. Nc2 a5 {LiveBook: 5 Games} 11. b3 Bg4 12. Re1 Nd7 $146 ({Predecessor:} 12... Qd7 13. Bb2 {0-1 (32) Wenner,T (2226)-Kunin,V (2538) Bad Wiessee 2010}) 13. Rb1 Nc5 14. Ba3 Re8 15. Qd2 Qd6 16. h3 (16. Bxc5 $1 $14 Qxc5 17. Qf4 Bxf3 18. Bxf3) 16... Bf5 $11 17. Bxc5 Qxc5 18. a3 Bf6 19. b4 $36 {[%mdl 2048] White is pushing.} axb4 20. axb4 Qd6 21. b5 Ne7 22. Nh2 c6 23. Ng4 h5 24. Nxf6+ Qxf6 25. Nb4 (25. bxc6 $14 bxc6 26. Rb6) 25... Rab8 26. bxc6 bxc6 27. c5 Bd7 {The position is equal.} 28. Nc2 Rxb1 29. Rxb1 h4 30. Qf4 Qxf4 31. gxf4 Ng6 32. f5 Nf4 33. Nxd4 Nxd3 34. Bxc6 Bxc6 35. Nxc6 {Accuracy: White = 48%, Black = 61%.} 1/2-1/2

[Event "Bay Area Open 2019"]
[Site "Burlingame"]
[Date "2019.01.07"]
[Round "9"]
[White "Stukopin, Andrey"]
[Black "Cordova, Emilio"]
[Result "1-0"]
[WhiteElo "2565"]
[BlackElo "2597"]
[Annotator "TA"]
[PlyCount "75"]
[EventDate "2019.01.01"]
[EventType "swiss"]
[EventCountry "USA"]
[SourceTitle "playchess.com"]
[Source "ChessBase"]
[SourceQuality "1"]

{[%evp 25,75,12,23,12,18,12,22,15,15,20,19,20,57,46,47,50,46,50,50,41,91,70,103,103,70,90,118,85,235,228,320,325,489,503,494,474,473,465,551,559,545,560,550,526,796,793,787,787,786,783,786,784]} 1. e4 c5 2. Nf3 Nc6 3. Nc3 Nf6 4. Bb5 g6 5. O-O Bg7 6. Re1 O-O 7. e5 Ng4 8. Bxc6 dxc6 9. d3 Nh6 {[%cal Bg4h6,Bh6f5,Bf5d4][%mdl 32]} 10. h3 Nf5 11. Ne4 b6 12. Bf4 Nd4 13. a4 a5 {LiveBook: 4 Games. B31: Sicilian: 2...Nc6 3 Bb5 g6} 14. Ned2 (14. Nfd2 Ra7 15. Nc4 Bf5 16. Bg3 Ne6 17. Bh2 b5 18. Ncd2 c4 19. dxc4 Rd7 20. Qe2 Bh6 21. Nf3 {½-½ (30) Kryvoruchko,Y (2711)-Wang,H (2707) Al Ain 2015}) 14... h6 $146 ({Predecessor:} 14... Ra7 15. Nxd4 Qxd4 16. Re4 Qd5 17. Nc4 Rb7 18. Qc1 Rd8 19. Bh6 Bf5 20. Re1 Bh8 21. g4 {½-½ (51) Genova,L (2277)-Videnova,I (2258) Dupnitsa 2010}) 15. Nc4 Ra7 {The position is equal.} 16. Nxd4 cxd4 17. Qf3 b5 18. Nd2 {[%cal Bc4d2,Bd2f3,Bf3d4][%mdl 32]} Be6 19. Qxc6 g5 20. Bg3 Rc7 21. Qxb5 Rxc2 22. Nf3 Qa8 23. Nxd4 Rb8 $1 {[%cal Rb8b5]} 24. Nxc2 {[#] Qc5 is the strong threat.} Rxb5 25. axb5 {[%cal Ba4b5,Bb5b6][%mdl 32]} Qd8 26. Ra3 a4 (26... Qb6 $16) 27. Rxa4 $18 Bb3 (27... Qb6 $142 28. Nd4 Bd5) 28. Rb4 Qxd3 ({But not} 28... Bxc2 $2 29. b6 $18) (28... Bd5 $142 29. Ra1 Bb7) 29. b6 {White is clearly winning.} Bd5 {[#] aiming for ...Bb7.} 30. Ne3 Bb7 {And now ...Qd2 would win.} 31. Rd1 Qe2 32. Kh2 h5 33. h4 gxh4 34. Rxh4 Bh6 35. Rd8+ Kh7 36. Nd5 Bxd5 37. Rxd5 Qxb2 38. e6 {Precision: White = 91%, Black = 53%.} 1-0

[Event "Bay Area Open 2019"]
[Site "Burlingame"]
[Date "2019.01.07"]
[Round "9"]
[White "Karthik Venkataraman"]
[Black "Swiercz, Dariusz"]
[Result "1/2-1/2"]
[WhiteElo "2515"]
[BlackElo "2649"]
[Annotator "TA"]
[PlyCount "79"]
[EventDate "2019.01.01"]
[EventType "swiss"]
[EventCountry "USA"]
[SourceTitle "playchess.com"]
[Source "ChessBase"]
[SourceQuality "1"]

{[%evp 14,79,42,25,38,30,16,16,16,12,45,45,63,48,73,47,47,24,27,34,35,40,41,29,58,44,64,44,56,24,26,25,63,11,4,0,0,-43,41,41,41,31,48,37,55,34,42,55,50,42,51,51,100,55,137,62,56,0,0,0,0,0,0,0,0,0,0,0]} 1. Nf3 e6 2. c4 d5 3. e3 Nf6 4. Nc3 a6 (4... dxc4 5. Bxc4 a6 6. O-O b5 7. Bb3 Bb7 8. d4 Nbd7 9. Qe2 c5 10. Rd1 Qb8 11. e4 cxd4 12. Nxd4 Bd6 13. g3 O-O 14. f3 Rc8 15. Be3 Nf8 16. Rac1 h5 17. Qd2 Rd8 18. Nce2 h4 19. Bg5 hxg3 20. Bxf6 gxf6 21. Qh6 {1-0 (31) Svidler,P (2756)-Shankland,S (2722) Hoogeveen 2018}) 5. b3 c5 6. cxd5 {A17: English Opening: 1...Nf6 with ...Bb4} exd5 7. d4 cxd4 8. Nxd4 {LiveBook: 4 Games. White is slightly better.} Bd6 9. Be2 O-O 10. Bb2 Re8 11. Rc1 Bc7 12. O-O Qd6 {[%csl Gc7][%cal Rd6h2]} 13. g3 Nc6 14. Bf3 {aiming for Nxd5!} Bh3 15. Re1 {[%cal Bf1e1,Be1e2,Be2c2][%mdl 32]} Ne5 $146 ({Predecessor:} 15... Rad8 16. Nxc6 bxc6 17. Qd4 Qd7 18. Qd3 Be5 19. Na4 Bxb2 20. Nxb2 {½-½ (54) Froewis,G (2439)-Schwabeneder,F (2382) Graz 2017}) 16. Bg2 Bxg2 17. Kxg2 {Black must now prevent Ndb5!} Ba5 18. Re2 h5 19. Rec2 Rad8 20. h3 g6 21. Nf3 Nc6 22. a3 Ne4 23. Ne2 ({Better is} 23. Nd4 $1 $14) 23... Bb6 $11 24. Ned4 Nxd4 25. Nxd4 {[#]} Ba7 (25... Nxg3 $1 $15 {[%mdl 512]} 26. fxg3 Rxe3) 26. h4 $14 Bb8 {Threatens to win with ...Nxf2!} 27. Qf3 Qd7 28. Ne2 Rc8 29. Nf4 Rxc2 30. Rxc2 Qf5 {Threatening ...Ng5.} 31. Qd1 Bxf4 $1 32. exf4 {And now Qd4 would win.} Nd6 33. Rd2 Qe4+ {[#]} (33... Ne4 $1 $14) 34. Qf3 (34. Kh2 $1 $16) 34... Nf5 35. Rxd5 ({White should play} 35. Be5 $14) 35... Ne3+ $1 $11 {The position is equal.} 36. fxe3 {Intending Qxe4 and mate.} Qc2+ {[%mdl 64] Double Attack} 37. Qf2 Qe4+ {[%mdl 64] Double Attack} 38. Qf3 {Threatening mate with Qxe4.} Qc2+ {[%mdl 64] Double Attack} 39. Qf2 Qe4+ {[%mdl 64] Double Attack} 40. Qf3 {Accuracy: White = 65%, Black = 46%.} 1/2-1/2

[Event "Bay Area Open 2019"]
[Site "Burlingame"]
[Date "2019.01.07"]
[Round "9"]
[White "Macieja, Bartlomiej"]
[Black "Bruzon Batista, Lazaro"]
[Result "1/2-1/2"]
[WhiteElo "2509"]
[BlackElo "2664"]
[Annotator "TA"]
[PlyCount "50"]
[EventDate "2019.01.01"]
[EventType "swiss"]
[EventCountry "USA"]
[SourceTitle "playchess.com"]
[Source "ChessBase"]
[SourceQuality "1"]

{[%evp 27,50,29,22,0,3,0,26,26,35,12,33,36,81,19,43,23,34,8,31,24,72,70,79,75,80]} 1. c4 c5 2. Nf3 Nf6 3. Nc3 Nc6 4. g3 g6 5. Bg2 Bg7 6. d4 cxd4 7. Nxd4 O-O 8. O-O Qa5 9. Nc2 d6 10. Bd2 Qh5 11. e4 {A38: Symmetrical English vs ...g6: 4 Bg2 Bg7 5 Nf3 Nf6} Ng4 12. h3 Nge5 13. Qxh5 gxh5 14. b3 Bxh3 {[#] LiveBook: 3 Games} 15. Rad1 $146 ({Predecessor:} 15. f4 Bxg2 16. Kxg2 Ng4 17. Rh1 a6 18. Rxh5 Nf6 {0-1 (40) Popov,V (2528)-Lomasov,S (2559) Sochi 2018}) 15... Bd7 16. Nd5 h4 17. gxh4 Kh8 18. f3 Rg8 19. h5 h6 20. Bc3 ({Better is} 20. Be1 $16) 20... Raf8 21. Ba1 Kh7 22. Nce3 Bh8 23. Kf2 Bc8 24. Rh1 Rd8 25. Bf1 e6 {Accuracy: White = 45%, Black =  5%.} 1/2-1/2

[Event "Bay Area Open 2019"]
[Site "Burlingame"]
[Date "2019.01.07"]
[Round "9"]
[White "Balakrishnan, Praveen"]
[Black "Ramirez, Alejandro"]
[Result "0-1"]
[WhiteElo "2418"]
[BlackElo "2567"]
[Annotator "TA"]
[PlyCount "46"]
[EventDate "2019.01.01"]
[EventType "swiss"]
[EventCountry "USA"]
[SourceTitle "playchess.com"]
[Source "ChessBase"]
[SourceQuality "1"]

{[%evp 11,46,31,19,22,18,4,0,12,1,3,2,0,0,-59,-55,-64,-65,-109,-113,-125,-111,-322,-293,-470,-472,-469,-465,-466,-427,-631,-580,-1401,-1389,-29993,-29994,-29996,-29997]} 1. e4 e5 2. Nf3 Nc6 3. Bb5 Nf6 4. d3 d6 5. O-O a6 (5... Be7 6. c3 O-O 7. Re1 a6 8. Ba4 Re8 9. Nbd2 Bf8 10. Nf1 h6 11. Ng3 b5 12. Bb3 Be6 13. Bxe6 Rxe6 14. a4 b4 15. d4 d5 16. dxe5 Nxe4 17. c4 Nxe5 18. cxd5 Nxf2 19. Kxf2 Ng4+ 20. Kf1 Rxe1+ 21. Qxe1 Qxd5 22. Qe4 Qd1+ 23. Qe1 Qd5 24. Qe4 Qd1+ 25. Qe1 {½-½ (25) Vachier Lagrave,M (2780)-Naiditsch,A (2721) Douglas 2018}) 6. Bxc6+ {C66: Ruy Lopez: Steinitz Defence} bxc6 {LiveBook: 35 Games} 7. Nbd2 g6 $146 ({Predecessor:} 7... Be7 8. c3 c5 9. b3 O-O 10. Bb2 Bb7 11. Qc2 Re8 12. d4 cxd4 13. cxd4 exd4 14. Nxd4 {½-½ (61) Voitsekhovsky,S (2476)-Krasenkow,M (2573) Barlinek 2001}) 8. b4 {The position is equal.} Bg7 9. Nc4 O-O 10. Na5 Qe8 11. Re1 Nh5 {[%cal Bf6h5,Bh5f4,Bf4h3][%mdl 32]} 12. Bb2 (12. h3 $11) 12... f5 $15 13. Nd2 Nf4 14. d4 fxe4 ({Much worse is} 14... exd4 $6 15. exf5 Qd7 16. fxg6 $11) 15. Nxe4 d5 $1 {[%cal Rd5e4]} 16. Ng3 $2 {[#]} (16. Nc5 $17 {was forced.} Qe7 17. Re3) 16... Bh3 $1 $19 {[%mdl 512]} 17. gxh3 $2 (17. dxe5 Nxg2 18. Qd3) 17... Nxh3+ 18. Kg2 Rxf2+ 19. Kh1 {[%cal Rd4e5] [#]} Qe6 $1 {Threatens to win with ...Nf4.} 20. Re2 (20. Re3 $142 Nf4 21. Nf1) 20... Raf8 21. Qd3 Qg4 22. Rg1 Rxe2 23. Qxe2 Nf2+ {Precision: White = 28%, Black = 100%.} 0-1

[Event "Bay Area Open 2019"]
[Site "Burlingame"]
[Date "2019.01.07"]
[Round "9"]
[White "Santarius, Erik"]
[Black "Prohaszka, Peter"]
[Result "0-1"]
[WhiteElo "2393"]
[BlackElo "2613"]
[Annotator "TA"]
[PlyCount "90"]
[EventDate "2019.01.01"]
[EventType "swiss"]
[EventCountry "USA"]
[SourceTitle "playchess.com"]
[Source "ChessBase"]
[SourceQuality "1"]

{[%evp 13,90,0,0,0,15,29,35,25,21,15,32,-26,128,127,129,128,357,-143,-164,-209,-80,-227,-56,-39,14,2,15,27,23,-193,-37,-31,-23,-188,-185,-220,-90,-36,296,303,287,275,257,0,0,0,0,0,210,0,0,0,0,0,0,0,0,0,0,0,0,-166,-178,-289,-278,-259,-227,-367,-360,-363,-344,-6102,-5815,-5389,-5389,-29981,-29972,-29974,-12574]} 1. d4 d5 2. c4 dxc4 3. e4 e5 4. Nf3 exd4 5. Bxc4 Nc6 6. O-O Bc5 {D20: Queen's Gambit Accepted: 3 e3 and 3 e4} 7. Nbd2 Bb6 {LiveBook: 3 Games} 8. b4 Nge7 {The position is equal.} 9. a4 $146 ({Predecessor:} 9. Ng5 O-O 10. Qh5 h6 11. Nxf7 Rxf7 12. Bxf7+ Kh8 13. Nf3 Qf8 14. b5 {1-0 (59) Le,Q (2737)-Inarkiev,E (2689) Riadh 2017}) 9... a6 $1 10. Ng5 {[%mdl 1024] White has compensation.} Ne5 $1 11. Ba2 (11. f4 $5 {[%cal Rf4e5]} d3+ 12. Kh1 Nxc4 13. Nxc4 $15) 11... O-O {[#]} 12. f4 ({Don't play} 12. Qh5 h6 $15) ({White should try} 12. Nxh7 $1 $14 {[%mdl 512]} Bg4 (12... Kxh7 13. Qh5+) 13. f3 Kxh7 14. fxg4) 12... Ng4 $2 (12... Bg4 $11 13. Bxf7+ Nxf7 14. Qxg4 Nxg5 15. Qxg5 Nc6) 13. f5 $16 d3+ 14. Kh1 {[#]} Bxf5 $1 {[%mdl 512]} 15. Bb2 $2 (15. exf5 $18 Qd4 {[%mdl 64] Double Attack} 16. Nde4 Qxa1 17. Qxg4 Qxa2 18. Nxh7 $1 {[%mdl 512]}) 15... Qd6 $1 $17 {[%csl Gg4,LRb4,LRh2][%cal Rd6h2][%mdl 64] Double Attack} 16. g3 Qh6 (16... Ne3 $1 $19 {[%cal Re3d1]} 17. Qb3 Qg6 18. Qxf7+ Rxf7 19. Bxf7+ Qxf7 $1 {[%mdl 512]} 20. Nxf7 Nxf1 21. Rxf1 Bh3) 17. Ndf3 (17. h4 $17 Ne3 18. Qb3 Nxf1 19. Rxf1) 17... Ne3 $2 (17... Bg6 $19 {Strongly threatening ...Nxh2!} 18. Qxd3 Nc6) 18. Qxd3 $15 Nxf1 (18... Bg6 $15 19. Rfe1 Ng4) 19. Rxf1 $11 Bg6 $1 {Threatens to win with ...Nc6.} 20. a5 $36 {[%mdl 2048] White has some pressure.} Ba7 {Hoping for ...Nc6.} 21. h4 $2 (21. Bc1 $1 $11 Rad8 22. Qc2) 21... Rad8 $2 ({Black should play} 21... Nc6 $1 $19 {[%cal Rc6b4]} 22. Qc3 Kh8) 22. Qc3 $15 Nc6 23. Bd5 $2 (23. Kh2 $11) 23... Bh5 $1 $19 24. Kg2 Kh8 (24... Qg6 $1 $19 {And now ...h6 would win.} 25. Bxc6 Bxf3+ 26. Nxf3 bxc6) 25. Kh3 $17 Bxf3 $4 {[%mdl 8192]} (25... f6 $15 {stays ahead.} 26. Ne6 Qg6 27. Nxf8 Rxf8) 26. Qxf3 $18 f6 ({Not} 26... Nxb4 $2 27. Qxf7 $1 {[%mdl 512]} Qf6 28. Bxf6 $18) 27. Bxc6 bxc6 {[#]} 28. Ne6 $2 (28. e5 $1 $18) 28... Qd2 $1 $11 {[%cal Rd2b2]} 29. Bc3 Qd7 30. Qg4 Rfe8 $2 (30... Kg8 $1 $11 {and Black stays safe.}) 31. Rd1 $2 ({White must play} 31. Nxd8 $18 Qxd8 32. Rd1) 31... Qe7 32. Nxd8 Rxd8 33. Rxd8+ Qxd8 34. Qe6 h5 {White must now prevent ...Qd1.} 35. e5 {[%cal Re5f6]} Qd1 {[%cal Rd1h1]} 36. Qxc6 {[%mdl 64] Double Attack} fxe5 37. Qa8+ $2 (37. Bxe5 $11 {and White is okay.} Qg4+ 38. Kh2) 37... Kh7 $19 38. Qe4+ (38. Qb7 {might work better.}) 38... g6 39. Be1 Bd4 40. b5 (40. Kh2 {was worth a try.}) 40... axb5 41. a6 {[#]} b4 $1 {[%cal Bb5b4,Bb4b3][%mdl 32]} 42. Kg2 $2 (42. a7 Bxa7 43. Qxb4 Qd7+ 44. Kh2) (42. Bxb4 Qf1+) 42... b3 43. a7 Bxa7 44. Qxe5 Qc2+ 45. Kh1 Qc5 {Accuracy: White = 37%, Black = 36%.} 0-1

[Event "Bay Area Open 2019"]
[Site "Burlingame"]
[Date "2019.01.07"]
[Round "9"]
[White "Kiewra, Keaton"]
[Black "Quesada Perez, Yuniesky"]
[Result "0-1"]
[WhiteElo "2362"]
[BlackElo "2642"]
[Annotator "TA"]
[PlyCount "138"]
[EventDate "2019.01.01"]
[EventType "swiss"]
[EventCountry "USA"]

{[%evp 21,138,0,12,-14,36,12,26,16,6,-8,12,-7,46,16,58,57,55,57,53,39,78,83,83,75,117,73,190,201,260,232,225,215,364,370,495,475,485,352,344,345,328,336,345,328,341,346,333,310,404,81,116,13,23,10,29,-13,-13,-13,-13,-13,-13,-13,-13,-13,-13,-46,-33,-48,-27,-47,-21,-25,0,0,0,-28,-30,-101,-85,-162,-169,-150,0,-139,-137,-285,-79,-181,-161,-457,-448,-1054,-644,-585,-321,-360,-369,-352,-285,-282,0,-312,-236,-653,-452,-521,0,-444,0,-503,-497,-1746,-1182,-5393,-5389,-2537,-3886,-5273,-5185]} 1. d4 Nf6 2. c4 e6 3. Nf3 d5 4. g3 Be7 5. Bg2 O-O 6. O-O Nbd7 7. Qc2 c6 8. Rd1 b6 9. b3 a5 {E08: Closed Catalan: Main Line: 7 Qc2} (9... Ba6 10. a4 c5 11. a5 Qc8 12. Ba3 Re8 13. Nc3 bxa5 14. Na4 dxc4 15. bxc4 Bb7 16. Qd2 Nb6 17. Bxc5 Ne4 18. Qxa5 Nxa4 19. Rxa4 Nxc5 20. dxc5 Bxc5 {½-½ (27) Jakovenko,D (2710)-Grandelius,N (2653) Germany 2018}) 10. Nc3 Ba6 11. Nd2 b5 {LiveBook: 3 Games. The position is equal.} 12. e4 {[%cal Re4d5]} Nb6 {[%cal Rb5c4]} 13. c5 b4 $146 ({Predecessor:} 13... Nbd7 14. e5 Ne8 15. Re1 Nc7 16. f4 f6 17. Nf3 fxe5 18. fxe5 {½-½ (30) Minero Pineda,S (2400)-Murillo Tsijli,A (2365) Costa Rica 1997}) 14. Ncb1 Nbd7 15. e5 Ne8 16. Re1 Nc7 (16... f6 $11) 17. f4 Qb8 18. Nf3 Qb5 19. Bf1 $36 {[%mdl 2048] White is more active.} Qb7 20. Bh3 Bb5 21. a4 bxa3 22. Nc3 g6 23. g4 {[%cal Bg3g4,Bg4f5][%mdl 32]} Kh8 (23... Ba6 $16) 24. f5 $18 (24. Rxa3 $6 Na6 $16) (24. Bxa3 $6 f5 $16) 24... gxf5 25. gxf5 Rg8+ 26. Kh1 Na6 (26... exf5 $142 27. Qxf5 (27. Rxa3 Nf8 $16) 27... Nf8 28. Nxb5 (28. Qxf7 Ng6 $16) (28. Bxa3 Ba6 $16) (28. Rxa3 Nfe6 $16) 28... Nxb5) 27. Bxa3 Nf8 28. Rg1 exf5 29. Qxf5 Ng6 30. Ng5 Bxg5 31. Rxg5 Nc7 32. Bc1 (32. Qxf7 Rgf8 $11) 32... Ba6 33. Rh5 (33. Rxa5 Qb4 $11) (33. Qxf7 Raf8 $11) 33... Rg7 34. Bh6 (34. Rxa5 Qb4 $11) 34... Ne8 35. Na4 $2 (35. Qf3 $18 {is more deadly.}) 35... Qxb3 $16 36. Nb6 (36. Bxg7+ $2 Nxg7 37. Qf6 Be2 $19) (36. Qf2 $1 $16) 36... Bd3 $1 $11 {[%cal Rd3f5]} 37. Qf2 $1 ({Much worse is} 37. Bxg7+ Nxg7 38. Qf2 (38. Qf6 $2 Be4+ 39. Bg2 Bxg2+ 40. Kxg2 Qb2+ 41. Kh3 Qxa1 $19) 38... Nxh5 $15) 37... Nf4 38. Bf5 ({But not} 38. Qxf4 $2 Be4+ 39. Qxe4 (39. Bg2 $2 Rxg2 40. Qxe4 dxe4 $19) 39... dxe4 $19) (38. Re1 {is more complex.} Nxh5 39. Bxg7+ Nexg7 40. Nxa8 h6 41. Nb6) 38... Nxh5 39. Bxd3 $1 Qxd3 40. Bxg7+ Nexg7 41. Nxa8 Qe4+ 42. Qg2 $1 {[%cal Rg2e4] Threatens to win with Qxe4.} Qxd4 {[%mdl 64] Double Attack} 43. Rb1 {Rb8+ would kill now.} Qxe5 44. Nb6 Qf5 45. Rg1 h6 46. Qg4 Qe5 47. Nd7 Qe7 48. Nb6 Kh7 49. Qd4 (49. Qf3 $11 {keeps the balance.}) 49... Qe6 $17 50. Qg4 (50. Qh4 $17 {might work better.}) 50... f5 $1 $19 {[%cal Rf5g4]} 51. Qg2 f4 (51... Qe4 $17 {White must now prevent ...Ne6.} 52. Nd7 Ne6) 52. Qf3 (52. Nd7 $1 $11 Kh8 53. Nf8) 52... Kh8 $17 53. Kg2 {[#]} (53. Rf1 $17) 53... Qe7 $2 (53... Nf5 $1 $19 {[%cal Rf5h4] has better winning chances.} 54. Kh1 Ne3) 54. Rc1 (54. Nc8 $17 Qxc5 55. Re1) 54... Qe5 55. Rg1 $2 (55. Kh1 {was the only defense.}) 55... Nf5 $19 56. Kh3 (56. Kh1 $142 Nh4 57. Qd3) 56... Nd4 57. Qg4 {[%csl Gg1][%cal Rg4g8]} Qe3+ 58. Kg2 Nf6 59. Qc8+ Ne8 {[%csl Gd4][%cal Re3f3]} 60. Qg4 Nf6 61. Qc8+ Kh7 {[%csl Gd4][%cal Re3f3]} 62. Kh1 $2 (62. Qb7+ Kg6 63. Kh1+ Kf5 64. Nc8) 62... Qe4+ 63. Rg2 {White threatens Qc7+ and mate.} Qe1+ 64. Rg1 Qe4+ 65. Rg2 {[#] White wants to mate with Qc7+.} Qe7 $1 {Strongly threatening ...f3.Black is clearly winning.} 66. Qa6 (66. Qh3 $142 f3 67. Rf2) 66... f3 67. Rg3 Ne4 {( -> ...Nf2+)} 68. Qd3 Qf6 69. Nd7 Qf5 {Accuracy: White = 31%, Black = 51%.} 0-1